| 000 | 01938cam a22003614a 4500 | ||
|---|---|---|---|
| 001 | 14093725 | ||
| 003 | ARRUPE | ||
| 005 | 20211102120317.0 | ||
| 008 | 050831s2006 mau b 001 0 eng | ||
| 010 | _a 2005025431 | ||
| 020 | _a1405111623 (hc. : alk. paper) | ||
| 020 | _a1405111631 (pbk. : alk. paper) | ||
| 020 | _a9781405111621 | ||
| 020 | _a9781405111638 | ||
| 035 | _a(OCoLC)ocm61461614 | ||
| 040 |
_aDLC _cDLC _dBAKER _dBWKUK _dDLC |
||
| 042 | _apcc | ||
| 050 | 0 | 0 |
_aT14 _b.D86 2006 |
| 082 | 0 | 0 |
_a601 _222 |
| 100 | 1 |
_aDusek, Val, _d1941- _950934 |
|
| 245 | 1 | 0 |
_aPhilosophy of technology : _ban introduction / _cVal Dusek. |
| 260 |
_aMalden, MA ; _aOxford _bBlackwell Pub., _c2006. |
||
| 300 |
_av, 244 p. ; _c24 cm. |
||
| 504 | _aIncludes bibliographical references (p. 211-233) and index. | ||
| 505 | 0 | _aPhilosophy of science and technology -- What is technology? : defining or characterizing technology -- Technocracy -- Rationality, technological rationality, and reason -- Phenomenology, hermeneutics, and technology -- Technological determinism -- Autonomous technology -- Human nature : tool-making or language? -- Women, feminism, and technology -- Non-western technology and local knowledge -- Anti-technology : romanticism, Luddism, and the ecology movement -- Social constructionism and actor-network theory. | |
| 650 | 0 |
_aTechnology _xPhilosophy. _913704 |
|
| 856 | 4 | 1 |
_3Table of contents _uhttp://www.loc.gov/catdir/toc/ecip0518/2005025431.html |
| 856 | 4 | 2 |
_3Contributor biographical information _uhttp://www.loc.gov/catdir/enhancements/fy0802/2005025431-b.html |
| 856 | 4 | 2 |
_3Publisher description _uhttp://www.loc.gov/catdir/enhancements/fy0802/2005025431-d.html |
| 906 |
_a7 _bcbc _corignew _d1 _eecip _f20 _gy-gencatlg |
||
| 942 |
_2lcc _cMONOGRAPH |
||
| 999 |
_c131090 _d131090 |
||